| 000 | 00673nam a22002057a 4500 | ||
|---|---|---|---|
| 005 | 20230303002807.0 | ||
| 008 | 230303b |||||||| |||| 00| 0 eng d | ||
| 020 | _a978-0-12-380932-2 | ||
| 082 | _a622.334 T577 2012 | ||
| 100 |
_aTillman, David A. _eauthor |
||
| 245 |
_aSolid fuel blending: _bprinciples, practices, and problems / _cDavid A. Tillman, Dao N. B. Duong, N. Stanley Harding |
||
| 260 |
_aOxford: _bButterworth-Heinemann, _cc2012 |
||
| 300 |
_axv, 335p.: _bill. |
||
| 504 | _aIncludes bibliographical references and index | ||
| 541 | _e4909 | ||
| 650 | _aCoal | ||
| 650 | _aFuel | ||
| 700 |
_aDuong, Dao N.B. _eauthor |
||
| 700 |
_aHarding, N. Stanley _eauthor |
||
| 999 |
_c1507 _d1507 |
||